[Event "POL-chT 2nd League"]
[Site "Miedzyzdroje"]
[Date "2009.09.16"]
[Round "5"]
[White "Sarnowski, Witold"]
[Black "Trendota, Dawid"]
[Result "1-0"]
[WhiteElo "1947"]
[BlackElo "1975"]
[PlyCount "53"]
[EventDate "2009.09.12"]
[EventType "team-swiss"]
[EventRounds "9"]
[EventCountry "POL"]
[SourceTitle "EXT 2019"]
[Source "ChessBase"]
[SourceDate "2018.10.10"]
[SourceVersion "1"]
[SourceVersionDate "2018.10.10"]
[SourceQuality "1"]
[WhiteTeam "Deblin Czarni"]
[BlackTeam "Mikolow AKS"]
[WhiteTeamCountry "POL"]
[BlackTeamCountry "POL"]

1. d4 Nf6 2. c4 g6 3. Nc3 Bg7 4. e4 d6 5. f3 0-0 6. Bg5 Nc6 7. d5 Ne5 8. Qd2 c5 9. Be2 a6 10. a4 Qa5 11. f4 Ned7 12. Nf3 h6 13. Bh4 Qc7 14. 0-0 b6 15. Rae1 Bb7 16. Bd3 e5 17. dxe6 fxe6 18. e5 dxe5 19. Nxe5 Nxe5 20. Rxe5 Ng4 21. Rxe6 g5 22. Bg3 Kf7 23. Qe2 Bd4+ 24. Kh1 Ne3 25. Rxe3 Bxe3 26. Qxe3 Rae8 27. Qd2 1-0

[Event "POL-chT 2nd League"]
[Site "Miedzyzdroje"]
[Date "2009.09.15"]
[Round "4"]
[White "Trendota, Dawid"]
[Black "Szymanowska, Lena"]
[Result "0-1"]
[WhiteElo "1975"]
[BlackElo "1944"]
[PlyCount "83"]
[EventDate "2009.09.12"]
[EventType "team-swiss"]
[EventRounds "9"]
[EventCountry "POL"]
[SourceTitle "EXT 2019"]
[Source "ChessBase"]
[SourceDate "2018.10.10"]
[SourceVersion "1"]
[SourceVersionDate "2018.10.10"]
[SourceQuality "1"]
[WhiteTeam "Mikolow AKS"]
[BlackTeam "Olsztyn AZS UWM"]
[WhiteTeamCountry "POL"]
[BlackTeamCountry "POL"]

1. e4 e6 2. d4 d5 3. Nc3 Bb4 4. e5 c5 5. a3 Bxc3+ 6. bxc3 Qc7 7. Qg4 f5 8. Qg3 cxd4 9. cxd4 Ne7 10. Bd2 0-0 11. Bd3 Nbc6 12. Ne2 Bd7 13. c3 Na5 14. h4 Rf7 15. h5 Nb3 16. Rb1 Nxd2 17. Kxd2 Rc8 18. h6 Nc6 19. Rhc1 Na5 20. Nf4 b6 21. Nh5 Ba4 22. Nxg7 Rxg7 23. Qxg7+ Qxg7 24. hxg7 Nb3+ 25. Rxb3 Bxb3 26. Bb5 Rc7 27. g3 Kxg7 28. a4 Bc4 29. Rb1 Kh6 30. Rb4 Bxb5 31. axb5 Kg5 32. Kd3 Kg4 33. c4 Kf3 34. cxd5 exd5 35. Rb2 h5 36. Rc2 Rh7 37. Rc6 f4 38. Rf6 Kg2 39. gxf4 h4 40. f5 h3 41. Rc6 h2 42. Rc2 0-1

[Event "POL-chT 2nd League"]
[Site "Miedzyzdroje"]
[Date "2009.09.13"]
[Round "2"]
[White "Suchocki, Tomasz"]
[Black "Trendota, Dawid"]
[Result "1-0"]
[WhiteElo "1962"]
[BlackElo "1975"]
[PlyCount "87"]
[EventDate "2009.09.12"]
[EventType "team-swiss"]
[EventRounds "9"]
[EventCountry "POL"]
[SourceTitle "EXT 2019"]
[Source "ChessBase"]
[SourceDate "2018.10.10"]
[SourceVersion "1"]
[SourceVersionDate "2018.10.10"]
[SourceQuality "1"]
[WhiteTeam "Izabelin SSz Parazauroloff"]
[BlackTeam "Mikolow AKS"]
[WhiteTeamCountry "POL"]
[BlackTeamCountry "POL"]

1. Nf3 Nf6 2. c4 g6 3. Nc3 Bg7 4. e4 d6 5. d4 0-0 6. h3 c6 7. Bg5 Qc7 8. Be2 Nbd7 9. 0-0 e5 10. d5 h6 11. Be3 Ne8 12. b4 f5 13. dxc6 bxc6 14. Qb3 Kh8 15. Nh4 Kh7 16. exf5 gxf5 17. Nxf5 Ndf6 18. Ng3 Be6 19. Rad1 d5 20. Bc5 Rg8 21. cxd5 cxd5 22. Bf3 e4 23. Be2 Qf7 24. Qc2 Qg6 25. Kh2 h5 26. Rg1 Bh6 27. Bf1 Bf4 28. Kh1 Bxg3 29. fxg3 Qxg3 30. Ne2 Qg5 31. Qd2 Qxd2 32. Rxd2 Nc7 33. Nf4 Bf7 34. Be2 Rge8 35. Bd4 Ne6 36. Nxe6 Rxe6 37. Rf1 Kg6 38. Bd1 Nh7 39. Rdf2 Be8 40. Rf5 Bb5 41. Bxh5+ Kh6 42. Be3+ Kg7 43. Rf7+ Kg8 44. R1f4 1-0

[Event "POL-chT 2nd League"]
[Site "Ustron"]
[Date "2008.09.10"]
[Round "4.99"]
[White "Piesik, Piotr"]
[Black "Trendota, Dawid"]
[Result "1-0"]
[WhiteElo "2150"]
[BlackElo "1981"]
[PlyCount "49"]
[EventDate "2008.09.06"]
[EventType "team-swiss"]
[EventRounds "9"]
[EventCountry "POL"]
[SourceTitle "EXT 2015"]
[Source "ChessBase"]
[SourceDate "2014.11.20"]
[SourceVersion "1"]
[SourceVersionDate "2014.11.20"]
[SourceQuality "1"]
[WhiteTeam "Czestochowa UKS Hetman"]
[BlackTeam "Mikolow AKS"]
[WhiteTeamCountry "POL"]
[BlackTeamCountry "POL"]

1. Nf3 Nf6 2. g3 g6 3. d4 Bg7 4. Bg2 0-0 5. 0-0 d6 6. Nbd2 Nbd7 7. e4 e5 8. dxe5 dxe5 9. Qe2 Qe7 10. b3 b6 11. Nc4 Ba6 12. Nfd2 Ne8 13. Rd1 Rd8 14. Qe1 f5 15. Ne3 f4 16. Nd5 Qc5 17. a4 fxg3 18. hxg3 Qxc2 19. Ba3 Nc5 20. Rdc1 Qd3 21. Bf1 Qd4 22. Bxc5 bxc5 23. Bxa6 Bh6 24. Rd1 Rxd5 25. Nc4 1-0

[Event "POL-chT 2nd League"]
[Site "Ustron"]
[Date "2008.09.08"]
[Round "3.75"]
[White "Trendota, Dawid"]
[Black "Kolago, Marcin"]
[Result "0-1"]
[WhiteElo "1981"]
[BlackElo "2340"]
[PlyCount "52"]
[EventDate "2008.09.06"]
[EventType "team-swiss"]
[EventRounds "9"]
[EventCountry "POL"]
[SourceTitle "EXT 2015"]
[Source "ChessBase"]
[SourceDate "2014.11.20"]
[SourceVersion "1"]
[SourceVersionDate "2014.11.20"]
[SourceQuality "1"]
[WhiteTeam "Mikolow AKS"]
[BlackTeam "Pawlowice GKS Pniowek 74"]
[WhiteTeamCountry "POL"]
[BlackTeamCountry "POL"]

1. e4 d5 2. Nc3 dxe4 3. Nxe4 Bf5 4. Ng3 Bg6 5. Nf3 e6 6. d4 Bd6 7. Bd3 Nf6 8. Bg5 Nbd7 9. Ne4 Be7 10. Nxf6+ Nxf6 11. Bxg6 hxg6 12. Bxf6 gxf6 13. Qd3 Qd5 14. c4 Qa5+ 15. Kf1 0-0-0 16. a3 g5 17. Rb1 Kb8 18. b4 Qa6 19. Kg1 g4 20. Nd2 f5 21. Nb3 Qxa3 22. g3 Bf6 23. Qe3 Qxb4 24. Kg2 Qxc4 25. Rhd1 Qd5+ 26. Kg1 Rxh2 0-1

[Event "POL-chT3 Slaskie"]
[Site "Poland"]
[Date "2008.05.10"]
[Round "8.44"]
[White "Trendota, Dawid"]
[Black "Ozog, Leon"]
[Result "1-0"]
[WhiteElo "1944"]
[BlackElo "2141"]
[PlyCount "71"]
[EventDate "2008.02.03"]
[EventType "team-swiss"]
[EventRounds "9"]
[EventCountry "POL"]
[SourceTitle "EXT 2019"]
[Source "ChessBase"]
[SourceDate "2018.10.10"]
[SourceVersion "1"]
[SourceVersionDate "2018.10.10"]
[SourceQuality "1"]

1. e4 d6 2. d4 c6 3. Nc3 Nf6 4. f4 Qa5 5. Bd3 e5 6. dxe5 dxe5 7. fxe5 Ng4 8. Nf3 Bc5 9. Qe2 b5 10. Bd2 Qc7 11. h3 Nxe5 12. Nxe5 Qxe5 13. 0-0-0 Be6 14. Rhf1 Bd4 15. Kb1 Nd7 16. Nd5 g5 17. c3 Bc5 18. Ne3 h6 19. Ng4 Qc7 20. c4 b4 21. h4 Qg3 22. Ne3 Ne5 23. Rf3 Nxf3 24. gxf3 0-0-0 25. Nd5 a5 26. Be3 Bxe3 27. Qxe3 Qb8 28. Qc5 Qb7 29. Ne7+ Kc7 30. Qxa5+ Qb6 31. Qe5+ Kb7 32. c5 Qc7 33. Ba6+ Kxa6 34. Qxc7 Rxd1+ 35. Kc2 Rhd8 36. Qb6# 1-0

[Event "POL-chT3 Slaskie"]
[Site "Poland"]
[Date "2008.03.02"]
[Round "5.1"]
[White "Waruga, Wojciech"]
[Black "Trendota, Dawid"]
[Result "1-0"]
[WhiteElo "2010"]
[BlackElo "1944"]
[PlyCount "99"]
[EventDate "2008.02.03"]
[EventType "team-swiss"]
[EventRounds "9"]
[EventCountry "POL"]
[SourceTitle "EXT 2019"]
[Source "ChessBase"]
[SourceDate "2018.10.10"]
[SourceVersion "1"]
[SourceVersionDate "2018.10.10"]
[SourceQuality "1"]

1. e4 c5 2. c4 Nc6 3. Nc3 g6 4. f4 Bg7 5. Nf3 d6 6. Be2 e6 7. d3 Nge7 8. Be3 Nd4 9. Qd2 Qa5 10. Bxd4 cxd4 11. Nb5 Qb6 12. Qb4 0-0 13. Qxd6 Nc6 14. Qc7 Qc5 15. a3 Rd8 16. f5 e5 17. fxg6 hxg6 18. b4 Qf8 19. Nxa7 Rd7 20. Qb6 Nxa7 21. b5 Qd8 22. Qc5 f6 23. Qb4 Bf8 24. Qa4 b6 25. Nh4 Rg7 26. 0-0 Bd7 27. Qc2 f5 28. Nf3 Qc7 29. exf5 gxf5 30. Nh4 f4 31. Bf3 Re8 32. Be4 Qd8 33. Qf2 Qg5 34. a4 Be7 35. Nf3 Qf6 36. a5 Bc5 37. axb6 Bxb6 38. Rfc1 Qd6 39. Ra6 Bc8 40. c5 Rc7 41. Rxb6 Qxb6 42. cxb6 Rxc1+ 43. Ne1 Nxb5 44. Qh4 Be6 45. Kf2 Nd6 46. Qg5+ Kf8 47. Qxe5 Nxe4+ 48. dxe4 Bf7 49. Qxd4 Ra8 50. b7 1-0

[Event "POL-chT3 Liga Slaska"]
[Site "Poland"]
[Date "2007.02.11"]
[Round "4"]
[White "Trendota, Dawid"]
[Black "Tobolski, Jakub"]
[Result "1-0"]
[WhiteElo "1965"]
[BlackElo "1954"]
[PlyCount "101"]
[EventDate "2007.01.28"]
[EventType "team-swiss"]
[EventRounds "9"]
[EventCountry "POL"]
[SourceTitle "EXT 2011"]
[Source "ChessBase"]
[SourceDate "2010.11.26"]
[SourceVersion "1"]
[SourceVersionDate "2010.11.26"]
[SourceQuality "1"]
[WhiteTeam "Mikolow AKS"]
[BlackTeam "Rybnik MKSz II"]
[WhiteTeamCountry "POL"]
[BlackTeamCountry "POL"]

1. e4 e5 2. Nf3 Nc6 3. Bc4 Nf6 4. Ng5 d5 5. exd5 Na5 6. Bb5+ c6 7. dxc6 bxc6 8. Qf3 Bd7 9. Bd3 Be7 10. Ne4 Nd5 11. Qg3 0-0 12. Qxe5 f5 13. Nec3 Bf6 14. Qg3 Re8+ 15. Ne2 c5 16. Na3 f4 17. Qf3 Bc6 18. Be4 Rxe4 19. Qxe4 Qd7 20. Qd3 c4 21. Nxc4 Bb5 22. 0-0 Nxc4 23. a4 f3 24. axb5 Ne5 25. Qe4 fxe2 26. Qxe2 Re8 27. Re1 Nf4 28. Qf1 Qg4 29. Kh1 Rc8 30. Ra3 Rxc2 31. Rc3 Rxc3 32. dxc3 Nfd3 33. f3 Qh5 34. Re4 Bh4 35. Re2 Nxf3 36. gxf3 Nxc1 37. Qxc1 Qxf3+ 38. Rg2 h6 39. Qd2 h5 40. Qe2 Qf5 41. c4 Bf6 42. Rg1 h4 43. Re1 Qc5 44. b4 Qg5 45. Qe6+ Kh8 46. Qd5 Qg6 47. Qa8+ Kh7 48. Qe4 Bc3 49. Qxg6+ Kxg6 50. Rc1 Bxb4 51. c5 1-0